000 01217nam a22003497a 4500
003 CHAP
005 20220329132937.0
008 971013s1990 r 00010 d
010 _a522
011 _a1494
035 _a670
040 _cCHAP
090 _aTesis
100 0 0 _aPichardo García, Luz María Guadalupe.
_987964
245 _aEliminación de dos problemas resultantes de la aplicación del análisis de correspondencias a la fitogeografía
260 _aChapingo, Méx. :
_bEl autor,
_c1990
300 _a154 h.
500 _a36-239
502 _aTesis (Maestro en Ciencias Esp. en Estadística Experimental) -- C.P. Centro de Estadística y Cálculo
590 _aALEPH
_b10
_c20130110
_lUCH01
_h1205
590 _aBATCH-UPD
_b10
_c20130110
_lUCH01
_h1739
590 _aBATCH-UPD
_b10
_c20130410
_lUCH01
_h1119
590 _aBATCH-UPD
_b10
_c20130914
_lUCH01
_h0349
590 _aCONVERSION
_b10
_c20130109
_lUCH01
_h1302
650 1 4 _aAnálisis multivariado.
_95990
650 1 4 _aFitogeografía.
_941157
901 _aBK
942 _cFOLL
949 _bBC
_cTES
_d-10126
_eTS2
_fc.2
_h22676
_i670
_si
949 _bBC
_cTES
_d-21656
_eTS2
_fc.3
_h26766
_i670
_si
949 _bBC
_cTES
_d-21659
_eTS1
_h22675
_i670
_si
999 _c522
_d522